Milenio /

Збережено в:
Бібліографічні деталі
Автор: Attali, Jacques (autor)
Формат: Книга
Мова:Іспанська
Опубліковано: México : Seix Barral, 1992, c1991
Теги: Додати тег
Немає тегів, Будьте першим, хто поставить тег для цього запису!

MARC

LEADER 00000nam^a2200000^a^4500
001 000619588
005 20260220000000.0
009 20260310133822.621
020 |a 968-6005-67-6 
037 |a Acervo ITESO - Biblioteca 
041 |a ESP 
091 |a FOB. 00874 
100 |a Attali, Jacques  |e (autor) 
245 1 0 |a Milenio / 
264 4 |a México :  |b Seix Barral,  |c 1992, c1991 
300 |a 109 p. 
336 |a texto  |b txt  |2 rdacontenido 
337 |a sin mediación  |b n  |2 rdamedio 
338 |a volumen  |b nc  |2 rdasoporte 
649 |a XX 
910 |a Fondo Carlos de Obeso Orendain 
920 |a Impresos - Libros 
930 |a Fondos Especiales 
905 |a 147 
901 |a 619588-10  |b IT2  |c ESP  |i D83882  |u 20250826 
902 |a https://opac.biblio.iteso.mx/vufind/Record/000619588